00817pam a2200229 45000010005000000080039000050100013000440200031000571000025000882450144001132500018002572640052002752640009003273000040003363360026003763370028004023380027004305040052004576500027005097000027005367000024005638652950419t19961996caua b 001 0 eng a95016822 a155934427Xqrecycled paper1 aCohen, Ronald Jay.010aPsychological testing and assessment :ban introduction to tests and measurement /cRonald Jay Cohen, Mark E. Swerdlik, Suzanne M. Phillips aThird edition 1aMountian View, Calif. :bMayfield Pub.,c[1996] 4c1996 a798 pages :billustrations ;c25 cm atextbtxt2rdacontent aunmediatedbn2rdamedia avolumebnc2rdacarrier aIncludes bibliographical references and indexes 0aPsychological tests.01 aPhillips, Suzanne M.01 aSwerdlik, Mark E.0